000 00933nac a22002777a 4500
001 BR9803608
003 BR-BrBNA
005 20240105122033.0
008 230509b bl.|||m| |||| 00| 0 por d
040 _aBR-BrBNA
_bpor
_cBiblioteca Nacional de Agricultura
072 _aN10
090 _a5300 BR9803608
100 1 _aPerdomo, C.C.
100 1 _aNicolaiewsky, S.
110 1 _aCentro Nacional de Pesquisa de Suinos e Aves, Concordia, SC (Brasil)
245 1 _aComportamento ambiental de diferentes modelos de edificacoes para suinos, durante a estacao quente
260 3 _aConcordia, SC (Brasil):
_c1986.
300 _a3 p.
490 _aComunicado Tecnico - Centro Nacional de Pesquisa de Suinos e Aves (Brazil)
_vno. 99
_xISSN 0100-8862
650 _aConstrucao Rural
650 _aPocilga
650 _aSuino
650 _aPerformance
909 _a202312
_bLúcia Elande
_c55
_dLúcia Elande
942 _2AGRIS
_n0
_cMS
999 _c288856
_d288856